[Event "GER-chT U14"]
[Site "Verden an der Aller"]
[Date "2017.12.27"]
[Round "2.2"]
[White "Brockhoff, Moritz"]
[Black "Gatkewicz, Maurizio"]
[Result "0-1"]
[WhiteElo "1691"]
[BlackElo "1642"]
[PlyCount "68"]
[EventDate "2017.12.26"]
[EventType "team-swiss"]
[EventRounds "7"]
[EventCountry "GER"]
[SourceTitle "CBM 182 Extra"]
[Source "ChessBase"]
[SourceDate "2018.02.23"]
[SourceVersion "1"]
[SourceVersionDate "2018.02.23"]
[SourceQuality "1"]
[WhiteTeam "Paderborn"]
[BlackTeam "Konz Karthaus"]
[WhiteTeamCountry "GER"]
[BlackTeamCountry "GER"]

1. Nf3 d5 2. c4 e6 3. d4 Nf6 4. Bf4 c6 5. e3 Nbd7 6. Nc3 Be7 7. Bd3 dxc4 8. Bxc4 b5 9. Bb3 Bb7 10. 0-0 a6 11. Re1 c5 12. e4 cxd4 13. Qxd4 Nc5 14. Bc2 Qxd4 15. Nxd4 b4 16. e5 bxc3 17. exf6 gxf6 18. bxc3 f5 19. Rab1 Be4 20. Bxe4 Nxe4 21. Be5 0-0 22. c4 Bc5 23. Rb3 Rfd8 24. Rd3 f6 25. Bxf6 Nxf6 26. Rg3+ Ng4 27. h3 Rxd4 28. hxg4 Rxg4 29. Rxg4+ fxg4 30. Rxe6 g3 31. Re5 Bxf2+ 32. Kf1 Rc8 33. Ra5 Re8 34. Rg5+ Kh8 0-1

[Event "SVR-op"]
[Site "Trier"]
[Date "2016.03.24"]
[Round "5"]
[White "Ehlen, Ralf"]
[Black "Gatkewicz, Maurizio"]
[Result "1/2-1/2"]
[WhiteElo "1575"]
[BlackElo "1180"]
[PlyCount "80"]
[EventDate "2016.03.19"]
[EventType "swiss"]
[EventRounds "7"]
[EventCountry "GER"]
[SourceTitle "CBM 171 Extra"]
[Source "ChessBase"]
[SourceDate "2016.04.26"]
[SourceVersion "1"]
[SourceVersionDate "2016.04.26"]
[SourceQuality "1"]

1. e4 e6 2. d4 d5 3. exd5 exd5 4. Nf3 Bd6 5. Bd3 Nf6 6. 0-0 0-0 7. h3 c6 8. c3 h6 9. Be3 Re8 10. Qc1 Ne4 11. Bxe4 dxe4 12. Ne1 Be6 13. Nd2 Be7 14. Nxe4 Bc4 15. Ng3 Bxf1 16. Kxf1 Bg5 17. Bxg5 Qxg5 18. Qc2 Nd7 19. Nf3 Qg6 20. Qb3 b6 21. Kg1 Qe6 22. Qc2 c5 23. a3 cxd4 24. Nxd4 Qc4 25. Ngf5 Qd5 26. Qd2 Nc5 27. Qd1 Ne6 28. Qg4 Qe5 29. Nxh6+ Kf8 30. Nhf5 Qf6 31. Nf3 g6 32. Ne3 Qf4 33. Qxf4 Nxf4 34. Nd4 Ne6 35. Nb5 Red8 36. a4 Nc5 37. b4 Ne4 38. f4 Nf6 39. a5 a6 40. Nc7 Rdb8 1/2-1/2

[Event "SVR-op"]
[Site "Trier"]
[Date "2016.03.24"]
[Round "4"]
[White "Gatkewicz, Maurizio"]
[Black "Wallerath, Alexander"]
[Result "1-0"]
[WhiteElo "1180"]
[BlackElo "977"]
[PlyCount "57"]
[EventDate "2016.03.19"]
[EventType "swiss"]
[EventRounds "7"]
[EventCountry "GER"]
[SourceTitle "CBM 171 Extra"]
[Source "ChessBase"]
[SourceDate "2016.04.26"]
[SourceVersion "1"]
[SourceVersionDate "2016.04.26"]
[SourceQuality "1"]

1. e4 d6 2. d4 Nf6 3. Nc3 Nc6 4. Nf3 d5 5. e5 Ne4 6. Bd3 Bf5 7. Qe2 Bg4 8. Be3 e6 9. a3 f6 10. Nxe4 dxe4 11. Bxe4 fxe5 12. Bxc6+ bxc6 13. dxe5 Be7 14. Rd1 Qb8 15. Qc4 Qb7 16. Qxg4 Qc8 17. 0-0 g6 18. Bg5 Rb8 19. Bxe7 Kxe7 20. Qg5+ Ke8 21. b3 Qa6 22. Nd4 Rd8 23. Nxe6 Rxd1 24. Nxc7+ Kd7 25. Nxa6 Rxf1+ 26. Kxf1 Re8 27. Qf6 Kc8 28. Qf7 Rxe5 29. Qc7# 1-0

[Event "SVR-op"]
[Site "Trier"]
[Date "2016.03.19"]
[Round "2"]
[White "Gatkewicz, Maurizio"]
[Black "Nwatu, Emily"]
[Result "1-0"]
[WhiteElo "1180"]
[BlackElo "758"]
[PlyCount "51"]
[EventDate "2016.03.19"]
[EventType "swiss"]
[EventRounds "7"]
[EventCountry "GER"]
[SourceTitle "CBM 171 Extra"]
[Source "ChessBase"]
[SourceDate "2016.04.26"]
[SourceVersion "1"]
[SourceVersionDate "2016.04.26"]
[SourceQuality "1"]

1. e4 e6 2. d4 d5 3. Nc3 dxe4 4. Nxe4 Nd7 5. Nf3 Ngf6 6. Nxf6+ Nxf6 7. Bg5 h6 8. Bh4 Be7 9. c3 0-0 10. Bd3 Bd7 11. 0-0 c6 12. Qe2 Be8 13. Rae1 Qa5 14. Bxf6 Qxa2 15. Bxe7 Bd7 16. Bxf8 Rxf8 17. Bc4 Qa5 18. Ra1 Qb6 19. Ne5 Be8 20. Ra2 f6 21. Nf3 a6 22. Qxe6+ Bf7 23. Qe2 Qc7 24. Nd2 b5 25. Bxf7+ Qxf7 26. Rxa6 1-0